000
00306 a2200157 4500
001
174076
020
_a
040
_c
Magnum
100
_a
Leal, Antonio
240
1
0
_a
Fala maria favela
_l
por
245
1
0
_a
Fala maria favela
362
0
_a
1899
440
1
_a
Ática
697
_a
ENSINO
942
_c
BK
999
_c
174076
_d
174076